Applications of interferometry

Salvato in:
Dettagli Bibliografici
Autore principale: Williams, W. Ewart (Autore)
Natura: Libro
Lingua:inglese
Pubblicazione: Londres Methuen 1950
Edizione:4a. ed
Soggetti:
Tags: Aggiungi Tag
Nessun Tag, puoi essere il primo ad aggiungerne!!

MARC

LEADER 00000nam a2200000 a 4500
001 UCT2191
003 CL-VaPUC
008 961011e19500000UK |||||||||||||||||eng|d
082 0 4 |a 543.085  |b WIL  |2 21 
100 0 |a Williams, W. Ewart  |e author  |9 371248 
245 1 0 |a Applications of interferometry 
250 |a 4a. ed 
300 |a 104 p 
942 |c BK 
945 |d 19961011 00:00:00  |a cmena 
260 |a Londres  |b Methuen  |c 1950 
650 0 |a Física   |9 227844 
650 0 |a Optica   |9 263171 
650 7 |a FOTOMETRIA  |2 CL-VaPUC  |9 266495 
650 7 |a INSTRUMENTOS DE MEDIDA  |2 CL-VaPUC  |9 262517 
650 7 |a ESPECTROSCOPIA OPTICA  |2 CL-VaPUC  |9 360531 
650 0 |a Propagación de ondas  |9 263256 
583 |a last modification  |c 19961011 00:00:00  |k Rodrigo Vera 
999 |c 252413  |d 252411